[Event "Oberliga Ost-B 2122"]
[Site "Germany"]
[Date "2022.05.21"]
[Round "4.8"]
[White "Schneider, Wolfram"]
[Black "Schramm, Matthias"]
[Result "1-0"]
[WhiteElo "2003"]
[BlackElo "1973"]
[PlyCount "65"]
[EventDate "2021.10.10"]
[EventType "team-tourn"]
[EventRounds "11"]
[EventCountry "GER"]
[SourceTitle "EXT 2023"]
[Source "ChessBase"]
[SourceDate "2022.10.05"]
[SourceVersion "1"]
[SourceVersionDate "2022.10.05"]
[SourceQuality "1"]
[WhiteTeam "Marburg"]
[BlackTeam "Bad Homburg"]
[WhiteTeamCountry "GER"]
[BlackTeamCountry "GER"]

1. d4 e6 2. Nf3 d5 3. c4 c6 4. Qc2 Bd6 5. e3 Nf6 6. Nc3 Nbd7 7. Bd2 Qe7 8. e4 Nxe4 9. Nxe4 dxe4 10. Qxe4 Nf6 11. Qh4 Bd7 12. Bd3 h6 13. 0-0 0-0-0 14. Ne5 g5 15. Qg3 Rdg8 16. Qe3 h5 17. Bc3 Ng4 18. Qe2 f6 19. Nf3 h4 20. Rfe1 Nh6 21. c5 Bc7 22. Bc4 Re8 23. b4 g4 24. Nd2 g3 25. h3 gxf2+ 26. Qxf2 Bg3 27. Qf3 Bxe1 28. Rxe1 f5 29. d5 cxd5 30. Bxd5 Rhg8 31. Bxb7+ Kd8 32. Qf4 Qg5 33. Qb8+ 1-0

[Event "GER-chT Online Liga 1 GpA"]
[Site "Playchess.com INT"]
[Date "2021.03.23"]
[Round "7.4"]
[White "Schramm, Matthias"]
[Black "Steinmueller, Alexander"]
[Result "1-0"]
[WhiteElo "1968"]
[BlackElo "2031"]
[PlyCount "129"]
[EventDate "2021.01.22"]
[EventType "team-tourn (rapid)"]
[EventRounds "7"]
[EventCountry "GER"]
[SourceTitle "EXT 2022"]
[Source "ChessBase"]
[SourceDate "2021.10.06"]
[SourceVersion "1"]
[SourceVersionDate "2021.10.06"]
[SourceQuality "1"]
[WhiteTeam "Bad Homburg"]
[BlackTeam "Herzogenaurach"]
[WhiteTeamCountry "GER"]
[BlackTeamCountry "GER"]

1. c4 e5 2. Nc3 Nc6 3. g3 Bc5 4. Bg2 a6 5. a3 d6 6. e3 Ba7 7. b4 h5 8. d3 Bg4 9. Qc2 Qd7 10. h3 Be6 11. Nge2 Nf6 12. Nd5 Bxd5 13. cxd5 Ne7 14. Nc3 Rc8 15. Bb2 Ng6 16. Rc1 Ne7 17. Qd2 0-0 18. 0-0 Qf5 19. e4 Qd7 20. Ne2 h4 21. Kh2 Ng6 22. d4 Rfe8 23. dxe5 Nxe5 24. Bd4 Bb8 25. f4 hxg3+ 26. Nxg3 Ng6 27. Rce1 c5 28. dxc6 bxc6 29. Qb2 Qd8 30. Bxf6 Qxf6 31. Qxf6 gxf6 32. Nh5 Re7 33. Nxf6+ Kg7 34. Nh5+ Kh6 35. Ng3 Ra7 36. Nf5+ Kh7 37. Kh1 a5 38. h4 axb4 39. axb4 Ra4 40. h5 Nf8 41. Rb1 Ne6 42. b5 c5 43. b6 Rg8 44. Rf2 Rg4 45. Ne7 Nd4 46. b7 Rb4 47. Rxb4 cxb4 48. Rd2 Rh4+ 49. Kg1 Ba7 50. Kf1 Rxf4+ 51. Ke1 Rg4 52. Rxd4 Rxg2 53. Rxb4 Bb8 54. Nc6 Rg8 55. Nxb8 Rxb8 56. Ke2 Kh6 57. Rb5 Kg7 58. Kd3 Kf6 59. Kd4 Ke6 60. h6 Kd7 61. Kd5 Kc7 62. h7 f6 63. Ke6 Kc6 64. Rb3 Kc7 65. Kxf6 1-0

[Event "Rhein Main op-A 22nd"]
[Site "Bad Homburg"]
[Date "2019.06.22"]
[Round "6"]
[White "Schramm, Matthias"]
[Black "Wolf, Ulrich Martin"]
[Result "1/2-1/2"]
[WhiteElo "1979"]
[BlackElo "2191"]
[PlyCount "35"]
[EventDate "2019.06.19"]
[EventType "swiss"]
[EventRounds "9"]
[EventCountry "GER"]
[SourceTitle "EXT 2020"]
[Source "ChessBase"]
[SourceDate "2019.10.17"]
[SourceVersion "1"]
[SourceVersionDate "2019.10.17"]
[SourceQuality "1"]

1. c4 f5 2. Nf3 Nf6 3. g3 g6 4. Bg2 Bg7 5. 0-0 d6 6. d4 0-0 7. Nc3 c6 8. Qc2 Qc7 9. e4 fxe4 10. Nxe4 Bf5 11. Nxf6+ exf6 12. Qb3 g5 13. Re1 Na6 14. Bd2 Rae8 15. Rxe8 Rxe8 16. Re1 Rxe1+ 17. Nxe1 Qe7 18. Be3 1/2-1/2

[Event "Rhein Main op-A 21st"]
[Site "Bad Homburg"]
[Date "2018.06.03"]
[Round "7"]
[White "Marchese, Gaspare"]
[Black "Schramm, Matthias"]
[Result "1/2-1/2"]
[WhiteElo "1905"]
[BlackElo "2010"]
[PlyCount "24"]
[EventDate "2018.05.30"]
[EventType "swiss"]
[EventRounds "7"]
[EventCountry "GER"]
[SourceTitle "EXT 2019"]
[Source "ChessBase"]
[SourceDate "2018.10.10"]
[SourceVersion "1"]
[SourceVersionDate "2018.10.10"]
[SourceQuality "1"]

1. e4 c6 2. Nf3 d5 3. Nc3 Bg4 4. h3 Bxf3 5. Qxf3 e6 6. d4 dxe4 7. Nxe4 Nd7 8. Bd3 Ngf6 9. c3 Nxe4 10. Bxe4 Nf6 11. Bc2 Bd6 12. Bf4 Qc7 1/2-1/2

[Event "Rhein Main op-A 20th"]
[Site "Bad Homburg"]
[Date "2017.06.17"]
[Round "5"]
[White "Schramm, Matthias"]
[Black "McAndrew, Robert"]
[Result "1/2-1/2"]
[WhiteElo "2024"]
[BlackElo "1911"]
[PlyCount "61"]
[EventDate "2017.06.14"]
[EventType "swiss"]
[EventRounds "7"]
[EventCountry "GER"]
[SourceTitle "EXT 2018"]
[Source "ChessBase"]
[SourceDate "2017.10.13"]
[SourceVersion "1"]
[SourceVersionDate "2017.10.13"]
[SourceQuality "1"]

1. c4 Nf6 2. Nc3 g6 3. e4 d6 4. d4 Bg7 5. Be2 c6 6. Bg5 Na6 7. Qd2 h6 8. Be3 Ng4 9. Bxg4 Bxg4 10. f3 Bd7 11. Nge2 Nc7 12. 0-0 h5 13. f4 f5 14. Rad1 0-0 15. e5 Be8 16. Qc2 Qc8 17. Kh1 Kh7 18. Ng1 c5 19. exd6 exd6 20. dxc5 dxc5 21. Bxc5 Rf7 22. Bd6 Ne6 23. Nce2 Bc6 24. Nf3 Be4 25. Qb3 b6 26. Ne5 Rb7 27. Nc3 Nc5 28. Qa3 Bxe5 29. Nxe4 Nxe4 30. Bxe5 Qxc4 31. Rc1 1/2-1/2

[Event "Rhein Main op-A 20th"]
[Site "Bad Homburg"]
[Date "2017.06.14"]
[Round "1"]
[White "Schramm, Matthias"]
[Black "Milov, Leonid"]
[Result "0-1"]
[WhiteElo "2024"]
[BlackElo "2433"]
[PlyCount "126"]
[EventDate "2017.06.14"]
[EventType "swiss"]
[EventRounds "7"]
[EventCountry "GER"]
[SourceTitle "EXT 2018"]
[Source "ChessBase"]
[SourceDate "2017.10.13"]
[SourceVersion "1"]
[SourceVersionDate "2017.10.13"]
[SourceQuality "1"]

1. c4 f5 2. Nf3 Nf6 3. g3 d6 4. d4 g6 5. Bg2 Bg7 6. 0-0 0-0 7. b3 Ne4 8. Bb2 Nc6 9. e3 e5 10. d5 Nb8 11. Nc3 Nxc3 12. Bxc3 a5 13. Rc1 Nd7 14. Qc2 Nc5 15. Rfd1 Bd7 16. Ne1 e4 17. Bxg7 Kxg7 18. Qc3+ Qf6 19. Bf1 g5 20. Qxf6+ Rxf6 21. Nc2 Raf8 22. Nd4 f4 23. exf4 gxf4 24. a3 Bg4 25. Re1 fxg3 26. fxg3 Nd3 27. Rxe4 Nxc1 28. Rxg4+ Kh8 29. Bg2 Rf2 30. Ne6 R8f6 31. Nf4 Rb2 32. Be4 Ne2+ 33. Nxe2 Rxe2 34. Rh4 h6 35. h3 Rb2 36. g4 Kg8 37. g5 hxg5 38. Rg4 Rxb3 39. Rxg5+ Kf8 40. Bf5 Rf7 41. h4 Rxa3 42. h5 Rg7 43. Bg6 Rh3 44. Rf5+ Ke7 45. Kf2 a4 46. Ke2 a3 47. Rf1 a2 48. Kd2 Ra3 49. Ra1 Kf6 50. Kc2 Re7 51. Kb2 Ree3 52. Bc2 Kg5 53. Bd1 Kh6 54. Rxa2 Rxa2+ 55. Kxa2 Re1 56. Bf3 Rf1 57. Bg4 Rf4 58. Bc8 Rxc4 59. Bxb7 Kxh5 60. Kb3 Rc5 61. Ba8 Kg5 62. Kb4 Kf4 63. Bb7 Ke5 0-1

[Event "Rhein Main op-A 19th"]
[Site "Bad Homburg"]
[Date "2016.05.26"]
[Round "3"]
[White "Hahn, Florian"]
[Black "Schramm, Matthias"]
[Result "1/2-1/2"]
[WhiteElo "2110"]
[BlackElo "2006"]
[PlyCount "36"]
[EventDate "2016.05.25"]
[EventType "swiss"]
[EventRounds "7"]
[EventCountry "GER"]
[SourceTitle "EXT 2017"]
[Source "ChessBase"]
[SourceDate "2016.10.25"]
[SourceVersion "1"]
[SourceVersionDate "2016.10.25"]
[SourceQuality "1"]

1. Nf3 d5 2. g3 e6 3. Bg2 Be7 4. c4 Nf6 5. b3 c5 6. 0-0 Nc6 7. e3 0-0 8. Bb2 b6 9. Nc3 Bb7 10. cxd5 exd5 11. d4 Rc8 12. dxc5 bxc5 13. Nh4 Ba6 14. Re1 Nb4 15. Nf5 Re8 16. Nxe7+ Rxe7 17. Ba3 Nd3 18. Re2 Re8 1/2-1/2

[Event "Rhein Main op-A 18th"]
[Site "Bad Homburg"]
[Date "2015.06.07"]
[Round "7"]
[White "Hoeren, Andreas"]
[Black "Schramm, Matthias"]
[Result "1-0"]
[WhiteElo "2154"]
[BlackElo "2009"]
[PlyCount "117"]
[EventDate "2015.06.03"]
[EventType "swiss"]
[EventRounds "7"]
[EventCountry "GER"]
[SourceTitle "CBM 167 Extra"]
[Source "ChessBase"]
[SourceDate "2015.09.14"]
[SourceVersion "1"]
[SourceVersionDate "2015.09.14"]
[SourceQuality "1"]

1. e4 e6 2. d3 c5 3. Nf3 Nc6 4. g3 d5 5. Qe2 dxe4 6. dxe4 e5 7. c3 Nf6 8. Bg2 Be7 9. 0-0 h6 10. Nbd2 Qc7 11. Nc4 Bg4 12. Ne3 Rd8 13. Nxg4 Nxg4 14. h3 Nf6 15. Nh4 0-0 16. Nf5 Rfe8 17. Be3 Bf8 18. Qf3 Re6 19. Rfd1 Rxd1+ 20. Rxd1 b5 21. Rd2 Kh7 22. Qd1 g6 23. Nh4 Na5 24. b3 Be7 25. Bf3 c4 26. b4 Nc6 27. Ng2 a5 28. a3 axb4 29. axb4 Rd6 30. h4 Nb8 31. Qe2 Rxd2 32. Bxd2 Nbd7 33. Ne3 Nb6 34. h5 Qd7 35. hxg6+ fxg6 36. Nd5 Na4 37. Qe3 Ng8 38. Be2 Kg7 39. Kg2 Bd6 40. f4 Bb8 41. Qf3 Nb6 42. Nxb6 Qxd2 43. f5 Ba7 44. fxg6 Nf6 45. Nd5 Qg5 46. Nc7 Qxg6 47. Nxb5 Bb8 48. Bxc4 Nxe4 49. Bd3 Qxg3+ 50. Qxg3+ Nxg3 51. Kxg3 e4+ 52. Kf2 exd3 53. Ke3 Kf6 54. Kxd3 Kg5 55. Ke4 Kg4 56. c4 h5 57. Nd4 h4 58. Nf3 Bd6 59. c5 1-0

[Event "Rhein Main op-A 18th"]
[Site "Bad Homburg"]
[Date "2015.06.05"]
[Round "4"]
[White "Schramm, Matthias"]
[Black "Kulenovic, Adnan"]
[Result "1/2-1/2"]
[WhiteElo "2009"]
[BlackElo "1922"]
[PlyCount "102"]
[EventDate "2015.06.03"]
[EventType "swiss"]
[EventRounds "7"]
[EventCountry "GER"]
[SourceTitle "CBM 167 Extra"]
[Source "ChessBase"]
[SourceDate "2015.09.14"]
[SourceVersion "1"]
[SourceVersionDate "2015.09.14"]
[SourceQuality "1"]

1. c4 a6 2. Nc3 c5 3. g3 e5 4. Bg2 Nc6 5. a3 h6 6. Rb1 a5 7. d3 g5 8. Bd2 Nge7 9. e3 Bg7 10. Nge2 d6 11. 0-0 0-0 12. Nd5 Nxd5 13. cxd5 Ne7 14. b4 axb4 15. axb4 b6 16. Bc3 Ra7 17. Qb3 Bf5 18. e4 Bc8 19. Ra1 Rb7 20. f4 gxf4 21. gxf4 Ng6 22. f5 Nh4 23. Rf2 Kh7 24. Bd2 Bf6 25. Ng3 Bg5 26. Qd1 cxb4 27. Kh1 Rg8 28. Bf1 Bxd2 29. Qxd2 Qg5 30. Qxg5 hxg5 31. Be2 Bd7 32. Rb1 Ra8 33. Rxb4 Ra4 34. Rb2 Kg7 35. Nh5+ Kf8 36. Rf1 b5 37. Nf6 b4 38. Rfb1 Ke7 39. Nxd7 Kxd7 40. Kg1 Ke7 41. Kf2 f6 42. h3 Rb6 43. Bd1 Ra3 44. Bb3 Rb8 45. Bc4 Ra4 46. Bb3 Ra3 47. Rc2 Kd7 48. Rcb2 Kc7 49. Rc2+ Kd7 50. Rcb2 Kc7 51. Rc2+ Kd7 1/2-1/2

[Event "Rhein Main op-A 17th"]
[Site "Bad Homburg"]
[Date "2014.06.19"]
[Round "2"]
[White "Schramm, Matthias"]
[Black "Schwenkreis, Thomas"]
[Result "0-1"]
[WhiteElo "2024"]
[BlackElo "2187"]
[PlyCount "72"]
[EventDate "2014.06.18"]
[EventType "swiss"]
[EventRounds "7"]
[EventCountry "GER"]
[SourceTitle "CBM 161 Extra"]
[Source "ChessBase"]
[SourceDate "2014.08.29"]
[SourceVersion "1"]
[SourceVersionDate "2014.08.29"]
[SourceQuality "1"]

1. c4 Nf6 2. Nc3 g6 3. e4 d6 4. d4 Bg7 5. Be2 0-0 6. Bg5 h6 7. Be3 e5 8. d5 Ne8 9. Qd2 Kh7 10. 0-0-0 f5 11. exf5 gxf5 12. f4 Nd7 13. g4 fxg4 14. Bxg4 exf4 15. Bxf4 Ne5 16. Bxc8 Rxc8 17. Nge2 Qh4 18. Rdf1 Nf6 19. Nd4 Nh5 20. Be3 Qh3 21. Rxf8 Rxf8 22. b3 Ng4 23. Nd1 Be5 24. Ne6 Rf6 25. Bd4 Nf4 26. Bxe5 dxe5 27. Nxc7 e4 28. Ne8 Rf8 29. Nd6 Qf3 30. Re1 Nd3+ 31. Kc2 Nxe1+ 32. Qxe1 Qd3+ 33. Kc1 e3 34. Nb2 Qg6 35. Nxb7 Rf2 36. Qd1 e2 0-1

[Event "Hessenliga 0809"]
[Site "Germany"]
[Date "2009.01.25"]
[Round "6.7"]
[White "Schramm, Matthias"]
[Black "Prange, Dieter"]
[Result "1-0"]
[WhiteElo "2093"]
[BlackElo "2172"]
[PlyCount "69"]
[EventDate "2008.09.14"]
[EventType "team-tourn"]
[EventRounds "9"]
[EventCountry "GER"]
[SourceTitle "EXT 2011"]
[Source "ChessBase"]
[SourceDate "2010.11.26"]
[SourceVersion "1"]
[SourceVersionDate "2010.11.26"]
[SourceQuality "1"]
[WhiteTeam "Frankfurt West"]
[BlackTeam "Marburg"]
[WhiteTeamCountry "GER"]
[BlackTeamCountry "GER"]

1. c4 e5 2. Nc3 Nf6 3. Nf3 Nc6 4. e3 d6 5. d4 Be7 6. d5 Nb8 7. e4 0-0 8. h3 Ne8 9. g4 g6 10. Bh6 Ng7 11. Bd3 a6 12. Qd2 Nd7 13. 0-0-0 Nc5 14. Rdg1 b5 15. h4 Nxd3+ 16. Qxd3 bxc4 17. Qe3 f6 18. Nd2 Bd7 19. f4 exf4 20. Qxf4 Qb8 21. Nf3 Qb6 22. Qd2 Rab8 23. Rg2 Rb7 24. h5 g5 25. Nd4 Rfb8 26. Rf1 Qa5 27. Nf5 Bxf5 28. Bxg7 Rxb2 29. Qxb2 Rxb2 30. Kxb2 Qb4+ 31. Kc2 Bxe4+ 32. Nxe4 Kxg7 33. h6+ Kg6 34. Rgf2 c3 35. Rxf6+ 1-0

[Event "Hessenliga 0708"]
[Site "Germany"]
[Date "2008.02.10"]
[Round "6.7"]
[White "Schramm, Matthias"]
[Black "Koester, Roman"]
[Result "0-1"]
[WhiteElo "2093"]
[BlackElo "2121"]
[PlyCount "79"]
[EventDate "2007.09.30"]
[EventType "team-tourn"]
[EventRounds "9"]
[EventCountry "GER"]
[SourceTitle "EXT 2009"]
[Source "ChessBase"]
[SourceDate "2008.11.26"]
[SourceVersion "1"]
[SourceVersionDate "2008.11.26"]
[SourceQuality "1"]
[WhiteTeam "Frankfurt West"]
[BlackTeam "Frankfurt BvK II"]
[WhiteTeamCountry "GER"]
[BlackTeamCountry "GER"]

1. c4 Nf6 2. Nc3 g6 3. e4 d6 4. d4 Bg7 5. f3 0-0 6. Be3 e5 7. Nge2 Nc6 8. d5 Ne7 9. g4 Ne8 10. Qd2 f5 11. gxf5 gxf5 12. 0-0-0 Nf6 13. Rg1 a6 14. Kb1 Ng6 15. Bg5 Qe8 16. Ng3 fxe4 17. Ncxe4 Nxe4 18. fxe4 Nf4 19. Be2 Kh8 20. Rdf1 Bh3 21. Rf2 Qg6 22. Bxf4 exf4 23. Rxf4 Be5 24. Rxf8+ Rxf8 25. Bh5 Qf6 26. Qe2 Qf2 27. Re1 Qd4 28. Rd1 Qc5 29. Bf3 b5 30. cxb5 axb5 31. Nf5 Bxf5 32. exf5 Rxf5 33. Rf1 Qb4 34. a3 Qc5 35. Rc1 Qd4 36. Rc2 Rf8 37. Rd2 Qf4 38. Rd3 b4 39. axb4 Qxb4 40. Qc2 0-1